| 000 | 00992nam a22002057a 4500 | ||
|---|---|---|---|
| 999 |
_c21127 _d21127 |
||
| 003 | AR-CdUCM | ||
| 008 | 191108b ||||| |||| 00| 0 spa d | ||
| 040 |
_aMUNICIPALIDAD PROVINCIAL DEL CUSCO _cBIBLIOTECA MUNICIPAL DEL CUSCO |
||
| 082 |
_a272.8 / _bC54 |
||
| 110 |
_aCHELA _944079 |
||
| 245 | _aCuadernos para la historia d la evangelización en America Latina 1987 / | ||
| 260 |
_aCusco : _bCentro Bartolomé de Las Casas, _c1988. |
||
| 300 | _a242 páginas ; | ||
| 505 | _aContenido : Manuales de confesión americanos: Practicas y costumbres amorosas de los indígenas, siglos XVII Y XVIII -- Sínodos diocesanos del Cusco 1591 y 1601-- El carisma de Domingo Guzmán y la evangelización de América en siglo XVI -- Fuentes para la demografía histórica de las parroquias andinas: un sondeo a las valles de la Paz (siglos XVII - XIX) ... | ||
| 650 |
_aEvangelización _944080 |
||
| 650 |
_aIdolatria _93582 |
||
| 650 |
_aDomínicos _94169 |
||
| 942 |
_2ddc _cLIBROS |
||
| 945 | _aRocio | ||